[Event "Tula Region-ch"]
[Site "Tula"]
[Date "2014.03.19"]
[Round "9"]
[White "Klimov, Ivan"]
[Black "Skorobogatova, Marina"]
[Result "0-1"]
[WhiteElo "2023"]
[BlackElo "1827"]
[PlyCount "104"]
[EventDate "2014.03.11"]
[EventType "swiss"]
[EventRounds "9"]
[EventCountry "RUS"]
[SourceTitle "CBM 159 Extra"]
[Source "ChessBase"]
[SourceDate "2014.04.24"]
[SourceVersion "1"]
[SourceVersionDate "2014.04.24"]
[SourceQuality "1"]

1. e3 g6 2. Nf3 Bg7 3. d4 c5 4. c3 b6 5. dxc5 Nf6 6. cxb6 Qxb6 7. Qb3 Qc7 8. Be2 Nc6 9. 0-0 0-0 10. Qc2 Bb7 11. Nbd2 Rab8 12. Re1 Ng4 13. h3 Nge5 14. Qd1 Rfd8 15. Nd4 d5 16. b4 Nc4 17. Qc2 Nd6 18. N2b3 e5 19. Nxc6 Bxc6 20. Nc5 Qe7 21. Bb2 Qg5 22. Bf3 Nf5 23. g3 Nh4 24. Bh1 e4 25. c4 Nf3+ 26. Bxf3 exf3 27. Bxg7 Kxg7 28. Rab1 Qh5 29. Kh2 Qe5 30. Nd3 Qf5 31. Qc3+ Kg8 32. c5 h5 33. Ne5 Ba4 34. Rbc1 f6 35. Nd3 Bd7 36. Nf4 g5 37. g4 hxg4 38. Nh5 Rf8 39. Rg1 Qh7 40. hxg4 Bxg4 41. Rxg4 Qxh5+ 42. Kg3 f5 43. Rd4 f4+ 44. exf4 g4 45. f5 Qh3+ 46. Kf4 Rbe8 47. Rxd5 Qh2+ 48. Kg5 Re7 49. Rd6 Rg7+ 50. Rg6 Rxg6+ 51. Kxg6 Qh7+ 52. Kg5 Rxf5+ 0-1